Inventario de institutos de investigación y de capacitación en el campo del desarrollo en América Latina = Directory of development research and training institutes in Latin America = Inventaire des instituts de recherche et de formation en matière de développement en Amérique latine.
Guardado en:
| Formato: | Libro |
|---|---|
| Idioma: | English |
| Publicado: |
Paris :
Organisation de cooperation et de developpement economiques,
1984.
|
| Etiquetas: |
Agregar Etiqueta
Sin Etiquetas, Sea el primero en etiquetar este registro!
|
| LEADER | 00719nam a22001335a 4500 | ||
|---|---|---|---|
| 001 | EEA.libagro003421 | ||
| 005 | 20190607114539.0 | ||
| 008 | 130809s1984####fr############000#0#eng#d | ||
| 020 | |a 9264026134 | ||
| 082 | 0 | 4 | |a 338.007108 |
| 245 | 1 | 0 | |a Inventario de institutos de investigación y de capacitación en el campo del desarrollo en América Latina = Directory of development research and training institutes in Latin America = Inventaire des instituts de recherche et de formation en matière de développement en Amérique latine. |
| 260 | |a Paris : |b Organisation de cooperation et de developpement economiques, |c 1984. | ||
| 300 | |a xxxii, 337 p. ; |c 27 cm. | ||
| 859 | |a AR-BbBCA |b BIB. AGRONOMIA |h R338.007108 |i Oc15 |p 1984/0134 | ||
